| 000 | 00879nam a2200181 a 4500 | ||
|---|---|---|---|
| 008 | 120416s0000 ||||||||||||||||| || u | ||
| 020 | _a0900612630 | ||
| 050 | _aTK 9956 Vhf | ||
| 100 | _aJessop, G. R | ||
| 245 | 1 | 0 |
_aVHF/UHF Manual _cedited by G. R. Jessop |
| 250 | _a4th ed. | ||
| 260 |
_aHertfordshire _bRadio Society of Great Britain _c1983 |
||
| 300 | _aIn various pagings : ill. | ||
| 350 | _a0.00 | ||
| 995 |
_D0.00 _FCBU-MAIN LIBRARY (Kitwe) _H1 _I8.50 _UAVAILABLE _ZAnnex Low-Usage Collection |
||
| 995 |
_D0.00 _FCBU-MAIN LIBRARY (Kitwe) _H3 _I8.50 _M3 _UAVAILABLE _ZAnnex Low-Usage Collection |
||
| 995 |
_D0.00 _FCBU-MAIN LIBRARY (Kitwe) _H2 _I8.50 _UAVAILABLE _ZAnnex Low-Usage Collection |
||
| 999 |
_c78349 _d78349 |
||